| 000 | 01133nas a2200373 4500 | ||
|---|---|---|---|
| 001 | BR2016003782 | ||
| 003 | BR-BrBNA | ||
| 005 | 20231205130555.0 | ||
| 007 | ta | ||
| 008 | 230509b bl.|||p| |||| 00| 00por d | ||
| 040 |
_aBR-BrBNA _bpor _cBiblioteca Nacional de Agricultura |
||
| 041 | _a(Pt) | ||
| 072 | _aF30; H10 | ||
| 100 | 1 | _aSilva, V.A. | |
| 100 | 1 | _aSalgado, S.M. de L. | |
| 100 | 1 | _aSá, L.A. de | |
| 100 | 1 | _aReis, A.M. | |
| 100 | 1 | _aSilveira, H.R. de O. | |
| 100 | 1 | _aMendes, A.N.G. | |
| 100 | 1 | _aBarbosa, J.P.R.A.D. | |
| 100 | 1 | _aPereira, A.A. | |
| 245 | 1 | _aUso de características fisiológicas na identificação de genótipos de café arábica tolerantes ao Meloidogyne paranaensis | |
| 650 | _aCAFÉ | ||
| 650 | _aGENÓTIPO | ||
| 650 | _aNEMATÓIDE | ||
| 650 | _aMELOIDOGYNOSE | ||
| 650 | _aIDENTIFICAÇÃO | ||
| 650 | _aPOTENCIAL HÍDRICO | ||
| 650 | _aFISIOLOGIA VEGETAL | ||
| 650 | _aVARIEDADE RESISTENTE | ||
| 773 | 0 |
_tCoffee Science (Brazil) _xISSN 1809-6875 _g(Apr-Jun 2015), v. 10(2) p. 242-250 _wBR2016003782 |
|
| 909 |
_a202311 _bLúcia _c55 _dLúcia Elande |
||
| 942 |
_2AGRIS _n0 _cANA |
||
| 999 |
_c250174 _d250174 |
||